000 00395nam a22001577a 4500
003 MPLRDC
005 20220104124636.0
008 210129b ||||| |||| 00| 0 eng d
082 _a610.23 XGL v.2
100 _a徐国良主编
245 _a白话资治通鉴. 二
_c
260 _a
_b嘉文出版社
_c
300 _b
650 _a中国通史--资治通鉴
942 _cBK
_o610.23 XGL v.2
999 _c20973
_d20963